Diseño de una red hidrometeorológica complementaria para evaluar las variaciones en la respuesta hidrológica de cuencas urbanas como consecuencia de cambios en el uso del suelo
Guardat en:
| Autor principal: | |
|---|---|
| Altres autors: | |
| Format: | Llibre |
| Publicat: |
San José, Costa Rica
2000
|
| Matèries: | |
| Etiquetes: |
Afegir etiqueta
Sense etiquetes, Sigues el primer a etiquetar aquest registre!
|
MARC
| LEADER | 00000nam a2200000Ia 4500 | ||
|---|---|---|---|
| 003 | 008565 | ||
| 005 | 20240806084041.0 | ||
| 008 | 140114s2000 cr a m 000 ||s d | ||
| 040 | |c cru CEDI | ||
| 090 | |a TFG 4187 | ||
| 100 | |a Campos Paniagua, Donny Jimmy, 1976- |9 3477 | ||
| 245 | |a Diseño de una red hidrometeorológica complementaria para evaluar las variaciones en la respuesta hidrológica de cuencas urbanas como consecuencia de cambios en el uso del suelo | ||
| 260 | |a San José, Costa Rica |c 2000 | ||
| 300 | |a ii, 175 hojas : ilustraciones (algunas a color), [20] mapas color | ||
| 500 | |a Proyecto(licenciatura en Ingeniería Civil)--Universidad de Costa Rica. Facultad de Ingeniería. Escuela de Ingeniería Civil | ||
| 501 | |a Director de Proyecto de Graduación: Ing. Carlos Quesada Mateo, Ph.D. | ||
| 650 | |x HIDROMETEOROLOGIA |x HIDROLOGIA URBANA |x ZONAS URBANAS |x DESASTRES NATURALES |x DESASTRES NATURALES - MEDIDAS DE SEGURIDAD |9 8187 | ||
| 700 | |a Quesada Mateo, Carlos, 1945- |d Director del TFG |9 3371 | ||
| 942 | |c TFG |h TFG 4187 |i 008565 |6 TFG_4187_008565000000000 | ||
| 999 | |c 18291 |d 18291 | ||
